Music Quiz

Random Music or Song Quiz
Score 0/26 Timer 04:00
1 Play Today
Hint Answer % Correct
BarcelonaBarcelona
92.3%
Mr. Bad GuyMr. Bad Guy
76.9%
Mr. Bad GuyLiving on My Own
51.3%
SinglesThe Great Pretender
43.6%
Mr. Bad GuyMade in Heaven
41%
SinglesTime
41%
BarcelonaHow Can I Go On
38.5%
SinglesLove Kills
38.5%
Mr. Bad GuyI Was Born to Love You
35.9%
BarcelonaThe Golden Boy
35.9%
SinglesIn My Defence
35.9%
Mr. Bad GuyLove Me Like There's No Tomorrow
33.3%
SinglesI Can Hear Music
33.3%
Hint Answer % Correct
Mr. Bad GuyLet's Turn It On
30.8%
Mr. Bad GuyFoolin' Around
30.8%
SinglesGoin' Back
28.2%
Mr. Bad GuyYour Kind of Lover
25.6%
Mr. Bad GuyMan Made Paradise
25.6%
Mr. Bad GuyThere Must Be More to Life Than This
25.6%
Mr. Bad GuyMy Love Is Dangerous
25.6%
BarcelonaEnsueño
25.6%
BarcelonaGuide Me Home
25.6%
BarcelonaOverture Piccante
25.6%
BarcelonaLa Japonaise
23.1%
BarcelonaThe Fallen Priest
23.1%
SinglesTime Waits For No One
17.9%
Remove Ads.
Support Sporcle.
Get the best of Sporcle when you Go Orange. This ad-free experience offers more features, more stats, and more fun while also helping to support Sporcle. Thank you for becoming a member.

You're not logged in!

Compare scores with friends on all Sporcle quizzes.
OR
Log In

Sporcle TV

Today on Sporcle TV


Watch our educational content, quiz creation guides, and fun videos on Sporcle TV.

Show Comments

Extras

Top Quizzes Today


Score Distribution

Paid Content

Your Account Isn't Verified!

In order to create a playlist on Sporcle, you need to verify the email address you used during registration. Go to your Sporcle Settings to finish the process.

Report this User

Report this user for behavior that violates our Community Guidelines.

Details: